00432nam a2200133Ia 4500008004100000020001800041100002700059245006400086260003600150300002400186500004000210650002500250650002300275191206s9999 xx 000 0 und d a9789719654735 aMontoya, Rome Sherriff cRome Sherriff MontoyaaStrategic human resource management/ aManila:bUnlimited books:c2017 ax, 191 p. ;c23 cm. aIncludes bibliographical references aPersonnel management aStrategic planning